<?xml version="1.0" encoding="UTF-8"?>
<record
    xmlns:xsi="http://www.w3.org/2001/XMLSchema-instance"
    xsi:schemaLocation="http://www.loc.gov/MARC21/slim http://www.loc.gov/standards/marcxml/schema/MARC21slim.xsd"
    xmlns="http://www.loc.gov/MARC21/slim">

  <leader>00819nam a22002417a 4500</leader>
  <controlfield tag="005">20251027145637.0</controlfield>
  <controlfield tag="008">251027b        |||||||| |||| 00| 0 eng d</controlfield>
  <datafield tag="017" ind1=" " ind2=" ">
    <subfield code="a">LD.340</subfield>
  </datafield>
  <datafield tag="018" ind1=" " ind2=" ">
    <subfield code="a">2025</subfield>
  </datafield>
  <datafield tag="020" ind1=" " ind2=" ">
    <subfield code="a">9789785341622</subfield>
  </datafield>
  <datafield tag="040" ind1=" " ind2=" ">
    <subfield code="a">NLN</subfield>
    <subfield code="b">English</subfield>
    <subfield code="e">AACR2</subfield>
  </datafield>
  <datafield tag="050" ind1=" " ind2=" ">
    <subfield code="a">BV4647.M63</subfield>
    <subfield code="b">R572</subfield>
  </datafield>
  <datafield tag="082" ind1=" " ind2=" ">
    <subfield code="a">241.4</subfield>
  </datafield>
  <datafield tag="100" ind1=" " ind2=" ">
    <subfield code="a">RIKA, Paul</subfield>
    <subfield code="e">aut</subfield>
    <subfield code="9">58124</subfield>
  </datafield>
  <datafield tag="245" ind1=" " ind2=" ">
    <subfield code="a">Divine revelation and scriptural exposition on believers' holiness in clothing and adornment /</subfield>
    <subfield code="c">Paul Rika</subfield>
  </datafield>
  <datafield tag="260" ind1=" " ind2=" ">
    <subfield code="a">Kwali, Abuja (Behind Federal Government College) :</subfield>
    <subfield code="b">Holiness Revival Movement Worldwide (HOREMOW),</subfield>
    <subfield code="c">2011</subfield>
  </datafield>
  <datafield tag="300" ind1=" " ind2=" ">
    <subfield code="a">xvii, 236p. ;</subfield>
    <subfield code="b">20cm.</subfield>
  </datafield>
  <datafield tag="563" ind1=" " ind2=" ">
    <subfield code="a">(pbk.)</subfield>
  </datafield>
  <datafield tag="650" ind1=" " ind2=" ">
    <subfield code="a">Modesty</subfield>
    <subfield code="v">Religious aspects</subfield>
    <subfield code="x">Christianity</subfield>
    <subfield code="9">68332</subfield>
  </datafield>
  <datafield tag="650" ind1=" " ind2=" ">
    <subfield code="a">Women</subfield>
    <subfield code="v">Religious life</subfield>
    <subfield code="9">4755</subfield>
  </datafield>
  <datafield tag="650" ind1=" " ind2=" ">
    <subfield code="a">Holiness</subfield>
    <subfield code="v">Christianity</subfield>
    <subfield code="9">5279</subfield>
  </datafield>
  <datafield tag="942" ind1=" " ind2=" ">
    <subfield code="c">BK</subfield>
    <subfield code="n">0</subfield>
  </datafield>
  <datafield tag="999" ind1=" " ind2=" ">
    <subfield code="c">33622</subfield>
    <subfield code="d">33622</subfield>
  </datafield>
  <datafield tag="952" ind1=" " ind2=" ">
    <subfield code="0">0</subfield>
    <subfield code="1">0</subfield>
    <subfield code="2">lcc</subfield>
    <subfield code="4">0</subfield>
    <subfield code="7">0</subfield>
    <subfield code="a">OSO</subfield>
    <subfield code="b">MAIN</subfield>
    <subfield code="d">2025-10-27</subfield>
    <subfield code="e">Legal deposit</subfield>
    <subfield code="i">221494</subfield>
    <subfield code="l">0</subfield>
    <subfield code="o">BV4647.M63 R572</subfield>
    <subfield code="p">221494</subfield>
    <subfield code="r">2025-10-27 15:02:24</subfield>
    <subfield code="t">1</subfield>
    <subfield code="w">2025-10-27</subfield>
    <subfield code="y">BK</subfield>
  </datafield>
  <datafield tag="952" ind1=" " ind2=" ">
    <subfield code="0">0</subfield>
    <subfield code="1">0</subfield>
    <subfield code="2">lcc</subfield>
    <subfield code="4">0</subfield>
    <subfield code="7">0</subfield>
    <subfield code="a">OWE</subfield>
    <subfield code="b">MAIN</subfield>
    <subfield code="d">2025-10-27</subfield>
    <subfield code="e">Legal deposit</subfield>
    <subfield code="i">221495</subfield>
    <subfield code="l">0</subfield>
    <subfield code="o">BV4647.M63 R572</subfield>
    <subfield code="p">221495</subfield>
    <subfield code="r">2025-10-27 15:02:44</subfield>
    <subfield code="t">1</subfield>
    <subfield code="w">2025-10-27</subfield>
    <subfield code="y">BK</subfield>
  </datafield>
</record>
